| 000 | 00380nam a22001337a 4500 | ||
|---|---|---|---|
| 082 |
_a621.3 _bMIL _cL-9, P-5 |
||
| 100 |
_aMiller, W.H. _941167 |
||
| 245 | _aA.C network analysis by symbolic algebra. | ||
| 260 |
_aThe Great Britain _bAlden Press (Oxford) |
||
| 300 |
_a41 p. : _bill. : _c6 Cm |
||
| 526 |
_a0 _b0 _c0 _d621_300000000000000_MIL |
||
| 650 |
_aMCE _9379 |
||
| 942 |
_2ddc _cBK |
||
| 999 |
_c545347 _d545347 |
||